000 00422nmm a2200157Ia 4500
008 251105s9999||||xx |||||||||||||||||und||
041 _aspa
100 _aGogoll, Ruth
245 0 _aUna isla para dos
264 _a[Madrid, España] :
_bEditorial Egales,
_c2018
300 _a240 páginas
490 _aNarrativa
650 _aErotic novel
856 _uhttps://public.digitaliapublishing.com/a/163261
942 _cCF
999 _c100203
_d100203